Calciatori del Real nella Squadra della stagione della Champions - Statistics

Statistiche generali
  • Questo quiz è stato fatto 24 volte
    19 dall'ultimo reset
  • Il punteggio medio è 12 su 19
Statistiche sulle risposte
Numero apparizioni Edizioni apparizioni Nazione Calciatore % Corretto
5 2013-2014; 2014-2015; 2015-2016; 2016-2017; 2017-2018 Portogallo Cristiano Ronaldo
100%
6 2013-2014; 2015-2016; 2016-2017; 2017-2018; 2020-2021; 2021-2022 Croazia Luka Modrić
94%
1 2015-2016 Galles Gareth Bale
88%
4 2013-2014; 2015-2016; 2016-2017; 2017-2018 Spagna Sergio Ramos
76%
3 2020-2021; 2021-2022; 2022-2023 Belgio Thibaut Courtois
76%
4 2014-2015; 2015-2016; 2016-2017; 2017-2018 Germania Toni Kroos
76%
3 2013-2014; 2016-2017; 2023-2024 Spagna Daniel Carvajal
65%
1 2023-2024 Inghilterra Jude Bellingham
65%
3 2015-2016; 2016-2017; 2017-2018 Brasile Marcelo
65%
3 2021-2022; 2022-2023; 2023-2024 Brasile Vinicius jr.
65%
1 2013-2014 Argentina Ángel Di María
59%
1 2023-2024 Germania Antonio Rüdiger
59%
2 2020-2021; 2021-2022 Francia Karim Benzema
59%
1 2017-2018 Costa Rica Keylor Navas
59%
1 2013-2014 Portogallo Pepe
59%
2 2016-2017; 2017-2018 Brasile Casemiro
53%
1 2017-2018 Francia Raphaël Varane
47%
1 2013-2014 Spagna Xabi Alonso
35%
1 2016-2017 Spagna Isco
29%
Nessun quiz corrispondente trovato
Distribuzione punteggi
Percentuale di utenti per punteggio
Percentile per numero di risposta
I tuoi punteggi nel tempo
Non hai fatto questo quiz dall'ultimo reset